| 000 | 00406nam a2200157Ia 4500 | ||
|---|---|---|---|
| 008 | 230917s9999||||xx |||||||||||||| ||und|| | ||
| 040 |
_e217053 _aMAIN |
||
| 041 | _aEnglish | ||
| 082 | _a330.9 H911H(3) | ||
| 100 | _aHunt, E K | ||
| 245 | 0 | _aHistory of economic thought: A critical perspective | |
| 250 | _a3rd. ed. | ||
| 260 |
_aNew Delhi _bPHI Learning _c2011 |
||
| 300 | _axxv, 579 p. | ||
| 942 | _cBK | ||
| 999 |
_c176925 _d176925 |
||